[Event "Tenerife-chT Primera 1718"]
[Site "Tenerife"]
[Date "2017.11.18"]
[Round "2.3"]
[White "Juli Gil, Jorge"]
[Black "De Leon Rodriguez, Jose Carlos"]
[Result "1-0"]
[WhiteElo "1533"]
[BlackElo "1633"]
[PlyCount "38"]
[EventDate "2017.11.11"]
[EventType "team-tourn"]
[EventRounds "14"]
[EventCountry "ESP"]
[SourceTitle "CBM 187 Extra"]
[Source "ChessBase"]
[SourceDate "2018.11.04"]
[SourceVersion "1"]
[SourceVersionDate "2018.11.04"]
[SourceQuality "1"]
[WhiteTeam "Piratas La Orotava II"]
[BlackTeam "Al Shah Mat Los Realejos III"]
[WhiteTeamCountry "ESP"]
[BlackTeamCountry "ESP"]

1. d4 Nf6 2. Bg5 h6 3. Bxf6 exf6 4. e3 d5 5. Bd3 Bd6 6. c3 b6 7. Nd2 0-0 8. Qh5 c6 9. Ngf3 Be6 10. h3 Nd7 11. g4 Re8 12. 0-0-0 Nf8 13. Rdg1 Ng6 14. h4 Bf4 15. Bxg6 fxg6 16. Qxg6 Bf7 17. Qf5 Bd6 18. g5 g6 19. gxf6 Kh7 1-0

[Event "Santa Cruz de Tenerife Trophy"]
[Site "Santa Cruz de Tenerife"]
[Date "2017.03.09"]
[Round "1"]
[White "Juli Gil, Jorge"]
[Black "Hernandez Leon, Alberto"]
[Result "0-1"]
[WhiteElo "1506"]
[BlackElo "2282"]
[PlyCount "64"]
[EventDate "2017.03.09"]
[EventType "swiss"]
[EventRounds "9"]
[EventCountry "ESP"]
[SourceTitle "EXT 2018"]
[Source "ChessBase"]
[SourceDate "2017.10.13"]
[SourceVersion "1"]
[SourceVersionDate "2017.10.13"]
[SourceQuality "1"]

1. d4 c5 2. d5 g6 3. c4 Bg7 4. g3 d6 5. Bg2 Nf6 6. Nf3 0-0 7. Nc3 Na6 8. 0-0 Nc7 9. a4 Na6 10. Re1 Nb4 11. e4 e6 12. Bg5 h6 13. Bxf6 Bxf6 14. e5 dxe5 15. Nxe5 exd5 16. Nxd5 Nxd5 17. Bxd5 Kg7 18. Qf3 Qc7 19. Nd3 Rb8 20. h4 h5 21. Qe3 Bd4 22. Qf3 Bg4 23. Qg2 Rfe8 24. Kh1 Qa5 25. f3 Bf5 26. Rxe8 Rxe8 27. Nf4 Re1+ 28. Rxe1 Qxe1+ 29. Kh2 b6 30. Be4 Bxe4 31. fxe4 Qb1 32. Nd5 Bxb2 0-1

[Event "Tenerife-chT Primera 1617"]
[Site "Tenerife"]
[Date "2017.02.04"]
[Round "6.3"]
[White "Cabrera Gomez, Tomas"]
[Black "Juli Gil, Jorge"]
[Result "0-1"]
[WhiteElo "1707"]
[BlackElo "1475"]
[PlyCount "68"]
[EventDate "2016.12.10"]
[EventType "team-tourn"]
[EventRounds "14"]
[EventCountry "ESP"]
[SourceTitle "CBM 176 Extra"]
[Source "ChessBase"]
[SourceDate "2017.03.02"]
[SourceVersion "1"]
[SourceVersionDate "2017.03.02"]
[SourceQuality "1"]
[WhiteTeam "Universidad"]
[BlackTeam "Puerto de la Cruz Piratas"]
[WhiteTeamCountry "ESP"]
[BlackTeamCountry "ESP"]

1. e4 c5 2. Nf3 d6 3. d4 cxd4 4. Nxd4 Nf6 5. Nc3 a6 6. Be3 Ng4 7. Bg5 h6 8. Bh4 g5 9. Bg3 Bg7 10. h3 Ne5 11. Qd2 Nbd7 12. Nf5 Bf8 13. 0-0-0 b5 14. Kb1 Bb7 15. f3 Rc8 16. h4 g4 17. f4 Nc4 18. Bxc4 Rxc4 19. Ne3 Rc8 20. Rhe1 b4 21. Ncd5 a5 22. e5 e6 23. exd6 Bxd6 24. Nf5 Bf8 25. Nde3 Nf6 26. Qe2 Qc7 27. Nf1 Ne4 28. Nd4 Bg7 29. Bh2 a4 30. Ne3 a3 31. Qb5+ Kf8 32. Qxb4+ Kg8 33. Qxa3 Ra8 34. Qb3 Kh7 0-1

[Event "Tenerife-chT Primera 1617"]
[Site "Tenerife"]
[Date "2017.01.21"]
[Round "4.2"]
[White "Juli Gil, Jorge"]
[Black "Hoyas Cebrian, Lucas"]
[Result "0-1"]
[WhiteElo "1475"]
[BlackElo "1908"]
[PlyCount "82"]
[EventDate "2016.12.10"]
[EventType "team-tourn"]
[EventRounds "14"]
[EventCountry "ESP"]
[SourceTitle "CBM 176 Extra"]
[Source "ChessBase"]
[SourceDate "2017.03.02"]
[SourceVersion "1"]
[SourceVersionDate "2017.03.02"]
[SourceQuality "1"]
[WhiteTeam "Puerto de la Cruz Piratas"]
[BlackTeam "La Victoria 94"]
[WhiteTeamCountry "ESP"]
[BlackTeamCountry "ESP"]

1. d4 Nf6 2. c4 e5 3. dxe5 Ng4 4. Bf4 Nc6 5. Nf3 Bb4+ 6. Nc3 Qe7 7. Rc1 Ngxe5 8. Nxe5 Nxe5 9. a3 Bxc3+ 10. Rxc3 0-0 11. Re3 d6 12. g3 Qf6 13. Bxe5 dxe5 14. Bg2 Be6 15. Qc2 c6 16. 0-0 Rad8 17. Rd1 Rxd1+ 18. Qxd1 Bxc4 19. Qa4 Ba6 20. Qa5 Re8 21. Qc5 g6 22. Qxa7 Qd6 23. f4 c5 24. Bxb7 Qd4 25. Bxa6 exf4 26. gxf4 Rxe3 27. Kg2 Qxf4 28. Qxc5 Re5 29. Qc8+ Kg7 30. Qc3 Kh6 31. Qf3 Rg5+ 32. Kf2 Qd4+ 33. e3 Qxb2+ 34. Qe2 Qxa3 35. Bc4 Qa8 36. e4 Qa7+ 37. Qe3 Qc7 38. Qh3+ Rh5 39. Qe3+ Kg7 40. Qc3+ Kg8 41. h3 Rc5 0-1

[Event "Santa Cruz de Tenerife op"]
[Site "Santa Cruz de Tenerife"]
[Date "2016.08.23"]
[Round "7"]
[White "Juli Gil, Jorge"]
[Black "Dos Reis Cabrera, Jose Manuel"]
[Result "1/2-1/2"]
[WhiteElo "1483"]
[BlackElo "1203"]
[PlyCount "87"]
[EventDate "2016.08.08"]
[EventType "swiss"]
[EventRounds "9"]
[EventCountry "ESP"]
[SourceTitle "CBM 174 Extra"]
[Source "ChessBase"]
[SourceDate "2016.10.10"]
[SourceVersion "1"]
[SourceVersionDate "2016.10.10"]
[SourceQuality "1"]

1. e4 e5 2. f4 d6 3. Bc4 Nf6 4. Nc3 Be7 5. d3 Nc6 6. Nf3 Bg4 7. h3 Bxf3 8. Qxf3 Nd4 9. Qd1 Qd7 10. Be3 Ne6 11. fxe5 dxe5 12. 0-0 0-0 13. Rf3 Nd4 14. Rg3 Kh8 15. Bg5 Ng8 16. Qd2 f5 17. a3 f4 18. Bxe7 Nxe7 19. Rg4 c6 20. Kh1 Ng6 21. Ne2 f3 22. Nxd4 fxg2+ 23. Rxg2 Qxd4 24. c3 Qd7 25. Rg3 Nf4 26. Kh2 b5 27. Bb3 Nxd3 28. Rxd3 Qe7 29. Qe2 Qh4 30. Rf3 Rf4 31. Raf1 Raf8 32. Be6 Qf6 33. Rxf4 exf4 34. Bg4 Qe5 35. Bf3 g5 36. Qd3 Qe7 37. Rd1 g4 38. Bxg4 Qh4 39. Qd4+ Rf6 40. Qd8+ Kg7 41. Rd7+ Kh6 42. Qe7 Qf2+ 43. Kh1 Qf1+ 44. Kh2 1/2-1/2

[Event "Santa Cruz de Tenerife op"]
[Site "Santa Cruz de Tenerife"]
[Date "2016.08.11"]
[Round "4"]
[White "Diaz Reyes, Killian"]
[Black "Juli Gil, Jorge"]
[Result "1/2-1/2"]
[WhiteElo "1383"]
[BlackElo "1483"]
[PlyCount "83"]
[EventDate "2016.08.08"]
[EventType "swiss"]
[EventRounds "9"]
[EventCountry "ESP"]
[SourceTitle "CBM 174 Extra"]
[Source "ChessBase"]
[SourceDate "2016.10.10"]
[SourceVersion "1"]
[SourceVersionDate "2016.10.10"]
[SourceQuality "1"]

1. e4 c5 2. Nf3 d6 3. d4 cxd4 4. Nxd4 Nf6 5. Nc3 a6 6. Be3 e6 7. Be2 Qc7 8. 0-0 b5 9. a3 Bb7 10. Bf3 Nbd7 11. Nde2 Ne5 12. Ng3 Nxf3+ 13. Qxf3 d5 14. Bf4 Bd6 15. Bxd6 Qxd6 16. exd5 Nxd5 17. Nge4 Qc7 18. Rfe1 Nxc3 19. Qxc3 Qxc3 20. Nxc3 Ke7 21. Ne4 Rac8 22. Rac1 Rhd8 23. Nc3 Rc4 24. Rcd1 Rcd4 25. Rxd4 Rxd4 26. Rd1 Rxd1+ 27. Nxd1 e5 28. Kf1 Ke6 29. g3 f5 30. Ke2 f4 31. Nc3 Kf5 32. f3 h5 33. Kf2 g5 34. b3 g4 35. fxg4+ Kxg4 36. gxf4 exf4 37. Ne2 Kf5 38. Nc3 h4 39. h3 Ke5 40. a4 b4 41. Na2 a5 42. c3 1/2-1/2

[Event "Tenerife-ch"]
[Site "Santa Cruz de Tenerife"]
[Date "2016.04.08"]
[Round "4.13"]
[White "Juli Gil, Jorge"]
[Black "Diaz Reyes, Killian"]
[Result "0-1"]
[WhiteElo "1430"]
[BlackElo "1232"]
[PlyCount "76"]
[EventDate "2016.04.01"]
[EventType "swiss"]
[EventRounds "9"]
[EventCountry "ESP"]
[SourceTitle "EXT 2024"]
[Source "ChessBase"]
[SourceDate "2023.10.10"]
[SourceVersion "1"]
[SourceVersionDate "2023.10.10"]
[SourceQuality "1"]

1. e4 d5 2. exd5 Qxd5 3. Nc3 Qa5 4. d4 Nf6 5. Bd3 c6 6. Nf3 Bg4 7. Bd2 Qc7 8. h3 Bh5 9. g4 Bg6 10. Ne5 e6 11. Nxg6 hxg6 12. Qe2 Nbd7 13. f4 0-0-0 14. 0-0-0 Bd6 15. f5 gxf5 16. gxf5 exf5 17. Bxf5 Rde8 18. Qc4 Rh5 19. Bxd7+ Qxd7 20. Rhg1 Rg8 21. Bg5 Nh7 22. Be3 Rxh3 23. Bd2 Rf3 24. d5 Be5 25. Qe4 Qf5 26. Qc4 Bxc3 27. Bxc3 Nf6 28. dxc6 Qf4+ 29. Qxf4 Rxf4 30. cxb7+ Kxb7 31. Rd3 Kc6 32. Be5 Rf2 33. Rd6+ Kc5 34. Rxf6 gxf6 35. Rxg8 fxe5 36. Rf8 f5 37. Rf7 e4 38. c3 e3 0-1